Algebraic geometry : introduction to schemes /

Guardado en:
Autor Principal: Macdonald, I. G.
Formato: Libro
Idioma:English
Publicado: New York : W. A. Benjamin, 1968.
Series:Mathematics lecture note series
Etiquetas: Agregar Etiqueta
Sin Etiquetas, Sea el primero en etiquetar este registro!
LEADER 00660cam a22001935 4500
001 MAT.inmabb001989
008 710311s1968####nyu######b####000#0#eng#d
005 20160802173746.0
245 1 0 |a Algebraic geometry :  |b introduction to schemes /  |c I. G. Macdonald. 
260 |a New York :  |b W. A. Benjamin,  |c 1968. 
300 |a vii, 113 p. ;  |c 24 cm. 
440 0 |a Mathematics lecture note series 
500 |a "Based on lectures given at the University of Sussex in 1964-65." 
504 |a Bibliography: p. 112-113. 
510 4 |a MR,  |c 39 #205 
100 1 |a Macdonald, I. G.  |q (Ian Grant) 
084 |a 14.05  |2 MR 
010 |a  68028140  
859 |h 14  |i M135  |p A-3633  |b BIB. MATEMATICA